| 000 | 01174nji a22002897a 4500 | ||
|---|---|---|---|
| 005 | 20100918102124.0 | ||
| 006 | a|||||r|||||00| 0 | ||
| 007 | sd ammalaaahaa | ||
| 008 | 100830t xxu||||| |||| 00| 0 eng d | ||
| 028 |
_a2393 828 _bMUSIC INDIA |
||
| 035 | _aGR-03488 | ||
| 040 |
_aSED _cSED |
||
| 100 |
_917455 _aSudha |
||
| 245 |
_aThe khazana concert (Ghazals) / _csung by Sudha [and] Vijay Singh; music by Yunus Malik _h[sound recording] : |
||
| 246 | _aदी खज़ाना कॉन्सर्ट (ग़ज़ल्स) / | ||
| 260 |
_aDum Dum, India _bMUSIC INDIA _c1982 |
||
| 300 |
_a1 sound disc [Gramophone Recording]: _banalog, 33 1/3 rpm _c12.5 in. (LP) _fGramophone Record |
||
| 500 | _aBrief Record | ||
| 500 | _aRecord labels : MUSIC INDIA, White | ||
| 505 | _aSide-1 (Likh dee hamne aaj ki sham) (Sudha [and] Vijay Singh) Side-2 (Kal jo pee thi aji ye to uska nasha) (Sudha [and] Vijay Singh) | ||
| 600 |
_aSudha _920359 |
||
| 650 |
_aGhazals _zIndia _91186 _xExcerpts |
||
| 700 |
_aVijay Singh _920360 |
||
| 700 |
_aYunus Malik _920609 |
||
| 942 |
_2ddc _cGR |
||
| 999 |
_c46628 _d46628 |
||